Romans verse by verse. (Record no. 417)

000 -LEADER
fixed length control field 00896nam a2200229 a 4500
001 - CONTROL NUMBER
control field :::00013571$&:&@@
003 - CONTROL NUMBER IDENTIFIER
control field OkBaRHE
005 - DATE AND TIME OF LATEST TRANSACTION
control field 20110906215033.0
008 - FIXED-LENGTH DATA ELEMENTS--GENERAL INFORMATION
fixed length control field s1938 g 000 0 eng u
020 ## - INTERNATIONAL STANDARD BOOK NUMBER
International Standard Book Number 0802473857
040 ## - CATALOGING SOURCE
Transcribing agency
050 ## - LIBRARY OF CONGRESS CALL NUMBER
Classification number BS 2665 .N44
100 1# - MAIN ENTRY--PERSONAL NAME
Personal name Newell, William Reed. 1868-
9 (RLIN) 1234
245 10 - TITLE STATEMENT
Title Romans verse by verse.
260 ## - PUBLICATION, DISTRIBUTION, ETC. (IMPRINT)
Place of publication, distribution, etc Chicago, IL.,
Name of publisher, distributor, etc Moody Press
Date of publication, distribution, etc 1938 (1973 printing; 1978, 1979 reprinting)
300 ## - PHYSICAL DESCRIPTION
Extent 590 p. ;
Dimensions 20 cm.
-- 24 cm.
650 ## - SUBJECT ADDED ENTRY--TOPICAL TERM
Topical term or geographic name as entry element Bible New Testament Romans
General subdivision Commentaries
9 (RLIN) 1236
942 ## - ADDED ENTRY ELEMENTS (KOHA)
Source of classification or shelving scheme
Koha item type Books
Copies
Collection code Not for loan Withdrawn status Price effective from Date acquired Koha item type Current Location Date last seen Damaged status Source of classification or shelving scheme Permanent Location Full call number Barcode Lost status Shelving location Copy number
Reference  2010-04-142010-04-14Books 2018-03-28  RHEMA Bible Training CollegeBS 2665 .N4413571 General Stacks1
   2011-09-062011-09-06BooksRHEMA Bible Training College2018-03-28  RHEMA Bible Training CollegeBS 2665 .N44 193813572 General Stacks3
   2011-09-062011-09-06BooksRHEMA Bible Training College2018-03-28  RHEMA Bible Training CollegeBS 2665 .N4422019 General Stacks2